| 000 | 00597nam a2200229 a 4500 | ||
|---|---|---|---|
| 001 | nice12345678 | ||
| 003 | IN_TiNIC | ||
| 005 | 20260116014521.0 | ||
| 008 | 100111s2009 newa grp 000 0 eng | ||
| 020 |
_a8124605270 _c190 |
||
| 082 | 0 | 0 |
_a294.59218 _bPUL |
| 100 | _aPuligandla, Ramakrishna | ||
| 245 |
_aThat Thou Art _b The Wisdim of the Upanisads |
||
| 260 |
_aNew Delhi _bDk Printworld _c2009 |
||
| 300 | _a146p | ||
| 500 | _aincludes index and biblioraphy | ||
| 650 | _aUpanishads | ||
| 700 | 1 | _aPuligandla, Ramakrishna | |
| 902 | _bSRS | ||
| 942 | _cBK | ||
| 999 |
_c15737 _d15737 |
||